<?xml version="1.0" encoding="UTF-8"?>
<record
    xmlns:xsi="http://www.w3.org/2001/XMLSchema-instance"
    xsi:schemaLocation="http://www.loc.gov/MARC21/slim http://www.loc.gov/standards/marcxml/schema/MARC21slim.xsd"
    xmlns="http://www.loc.gov/MARC21/slim">

  <leader>01564nam a2200265 c 4500</leader>
  <controlfield tag="003">DO-SdBNP</controlfield>
  <controlfield tag="005">20230502100259.0</controlfield>
  <controlfield tag="006">a||||gr|||| 00| 0 </controlfield>
  <controlfield tag="007">ta</controlfield>
  <controlfield tag="008">230425t1959    xu a|||er|||| 001 j eng d</controlfield>
  <datafield tag="040" ind1=" " ind2=" ">
    <subfield code="a">DO-SdBNP</subfield>
    <subfield code="b">spa</subfield>
    <subfield code="c">BNPHU</subfield>
    <subfield code="e">rda</subfield>
  </datafield>
  <datafield tag="041" ind1="0" ind2="7">
    <subfield code="h">eng</subfield>
  </datafield>
  <datafield tag="082" ind1=" " ind2="4">
    <subfield code="2">22</subfield>
    <subfield code="b">G168t</subfield>
  </datafield>
  <datafield tag="100" ind1="1" ind2=" ">
    <subfield code="9">41158</subfield>
    <subfield code="a">Gallico, Paul,</subfield>
    <subfield code="d">1897-1976</subfield>
  </datafield>
  <datafield tag="245" ind1="1" ind2="0">
    <subfield code="a">Too many ghosts. /</subfield>
    <subfield code="c">Paul Gallico; frontispicio, Ezra Jack Keats</subfield>
  </datafield>
  <datafield tag="264" ind1="3" ind2="2">
    <subfield code="a">Garden City, N. Y. :</subfield>
    <subfield code="b">Doubleday &amp; company, Inc.,</subfield>
    <subfield code="c">1959</subfield>
  </datafield>
  <datafield tag="300" ind1=" " ind2=" ">
    <subfield code="a">288 p&#xE1;ginas :</subfield>
    <subfield code="b">ilustraci&#xF3;n ;</subfield>
    <subfield code="c">21 cm</subfield>
  </datafield>
  <datafield tag="336" ind1=" " ind2=" ">
    <subfield code="2">rdaconten</subfield>
    <subfield code="a">texto</subfield>
    <subfield code="b">txt</subfield>
  </datafield>
  <datafield tag="337" ind1=" " ind2=" ">
    <subfield code="2">rdamedia</subfield>
    <subfield code="a">sin medici&#xF3;n</subfield>
    <subfield code="b">n</subfield>
  </datafield>
  <datafield tag="338" ind1=" " ind2=" ">
    <subfield code="2">rdacarrier</subfield>
    <subfield code="a">volumen</subfield>
    <subfield code="b">nc</subfield>
  </datafield>
  <datafield tag="505" ind1=" " ind2=" ">
    <subfield code="a">Infestation</subfield>
    <subfield code="t">The Ghost tht came to dinner.-- Mr. Hero has a visitor.-- Meg.-- Exercise in exorcim.-- Who would hate Susan Marshall?.-- 
Mr. Hero is baited.-- Ware! women!.-- The avid widow.-- The honorable Isobel.-- What it&#xB4;s like to be noreen.--Return engagement.-- Enter the good fairy.-- Can Ghosts be trapped?.-- Never hunt a ghost with a gun.-- Alexander Hero regrets...--</subfield>
    <subfield code="t">The anti - un of paradine hall.-- Parewell to a poltergeist.-- Mr. Jellicot Weeps.-- Mr. Taylos Parts. the curtains.-- "My dear, it&#xB4;s a family matter".-- Assist be Johann Sebastian Bach.-- Coffe for sixteen pistol for one.-- Courtesy of Dr. John Henry Pepper.-- "Good - by, my Bonnie dear".-- There Who departed.-- The stuff of ghosts.-- "Never again to speak except to &#xB4;ray".</subfield>
  </datafield>
  <datafield tag="590" ind1=" " ind2=" ">
    <subfield code="a">Inventariado  2023 / MF</subfield>
  </datafield>
  <datafield tag="700" ind1="1" ind2=" ">
    <subfield code="a">Jack Keats, Ezra,</subfield>
    <subfield code="e">frontispicio</subfield>
    <subfield code="9">83299</subfield>
  </datafield>
  <datafield tag="942" ind1=" " ind2=" ">
    <subfield code="2">ddc</subfield>
    <subfield code="c">LBS1</subfield>
  </datafield>
  <datafield tag="952" ind1=" " ind2=" ">
    <subfield code="0">0</subfield>
    <subfield code="1">0</subfield>
    <subfield code="2">ddc</subfield>
    <subfield code="5">5</subfield>
    <subfield code="7">0</subfield>
    <subfield code="8">GR-RV</subfield>
    <subfield code="a">BNPHU</subfield>
    <subfield code="b">BNPHU</subfield>
    <subfield code="c">CT</subfield>
    <subfield code="d">0000-00-00</subfield>
    <subfield code="e">Donado por Rafael Andr&#xE9;s Ortega</subfield>
    <subfield code="l">0</subfield>
    <subfield code="o">G168t</subfield>
    <subfield code="p">2023-1492</subfield>
    <subfield code="r">2023-04-25</subfield>
    <subfield code="w">2023-04-25</subfield>
    <subfield code="y">LBS1</subfield>
  </datafield>
  <datafield tag="999" ind1=" " ind2=" ">
    <subfield code="c">53350</subfield>
    <subfield code="d">53350</subfield>
  </datafield>
</record>
